| 000 | 00912nam a2200265 a 4500 | ||
|---|---|---|---|
| 001 | 000028472 | ||
| 005 | 20200930054949.0 | ||
| 008 | 110408s2010 dr 000 0 spa d | ||
| 020 | _a9789945408423 | ||
| 040 |
_aDO-SdBNP _bspa _cBNPHU |
||
| 082 |
_a330.951 _bG643c |
||
| 100 | 1 |
_aGonzález, Luis, _d1970- _955426 |
|
| 245 | 1 | 0 |
_aChina : _bel ascenso del dragón / _cLuis González. |
| 260 |
_aSanto Domingo : _bArgos, _c2010. |
||
| 300 |
_a155 p. ; _c23 cm. |
||
| 500 | _aIncluye datos biografícos del autor en la solapa de la portada. | ||
| 504 | _aBibliografía: p. 147-149. | ||
| 590 | _aInventariado, 2018/ YL | ||
| 651 | 4 |
_aChina _xPolítica Económica _92785 |
|
| 651 | 4 |
_aChina _xCivilización _925569 |
|
| 651 | 4 |
_aChina _xCondiciones Económicas _92786 |
|
| 651 | 4 |
_aChina _xPolítica Y Gobierno _955427 |
|
| 651 | 4 |
_aChina _xRelaciones Exteriores _92787 |
|
| 910 | _aValidado. Control de calidad EMS | ||
| 999 |
_c27964 _d27964 |
||